000 00999nam a2200205 a 4500
001 BRCA_8948
005 20190320210453.0
008 030717s1785----sp-#######---#000-0#lat-#
041 _alat
084 _aLE41
_b.G46 1785
100 1 _aGenovesi, Antonio
_922239
245 1 0 _aAntonii Genuensis in regia Neapolitana Academia primum Ethices, postea Economices Professoris disciplinarum metaphysicarum elementa, mathematicum in morem adornata
_beditio novissima, ab ipso Auctore, rejectis omnibua anterioribus Editionibus et tanquam non suis reputatis, omnino reformata, perpetuis additionibus locupletata, et nunc primum in quinque tomos divisa: tomus primus.
260 _aBassani
_bprostant Venetiis apud Remondini
_c1785
300 _a299 p. (t.1)
_c18.8 x 12.4 cm
500 _aSuperiorum permissu, ac Privilegio
500 _aEstado físico: presenta encuadernación en pergamino con cintas rotas
650 1 4 _aMetafísica
_yObras anteriores a 1800
_922240
902 _aCFM
942 _2lcc
_cB
999 _c8599
_d8599